000 01109cam a2200349 i 4500
001 bg
003 KOSZ 005
005 20211130150048.0
008 990621s1999 pl a f |000 0 pol
015 _aPB 1999/8601
020 _a8371581580
040 _aWA N
_cKOSZ 005/HR
_dKOSZ 005/HR
041 1 _apol
_heng
080 _a004.438
080 _a004.032.6
080 _a(07)
100 1 _aCampbell, David L.
_d(1934- ).
245 1 0 _aVisual Basic w zastosowaniach /
_cDavid L. Campbell ; z ang. przeł. Sławomir Osiak.
250 _aWyd. 2.
260 _aWarszawa :
_b"Mikom",
_c1999.
300 _a605 s. :
_brys., wykr. ;
_c24 cm +
_edyskietka.
490 1 _aBP.
500 _aWyd. 1 pt. : Visual Basic : zastosowania multimedialne.
655 4 _aPodręcznik
650 4 _aVisual Basic
650 4 _aMultimedia
700 1 _aOsiak, Sławomir.
_eTł.
710 2 _aWydawnictwo Mikom
_4pbl.
856 _uhttp://koha.tu.koszalin.pl/cgi-bin/koha/opac-detail.pl?biblionumber=34540
_yKatalog online BPK
830 0 _aBP
942 _2UKD
_cKS
999 _c34540
_d34540